Missionary methods : (Record no. 465)

MARC details
000 -LEADER
fixed length control field 02286cam a2200373I 4500
001 - CONTROL NUMBER
control field 460255
003 - CONTROL NUMBER IDENTIFIER
control field GBCCL
005 - DATE AND TIME OF LATEST TRANSACTION
control field 20241126110338.0
008 - FIXED-LENGTH DATA ELEMENTS--GENERAL INFORMATION
fixed length control field 711112s1962 miu 001 0 eng c
010 ## -
-- 62005028
020 ## - INTERNATIONAL STANDARD BOOK NUMBER
International Standard Book Number 0802810012
020 ## - INTERNATIONAL STANDARD BOOK NUMBER
International Standard Book Number 9780802810014
035 ## - SYSTEM CONTROL NUMBER
System control number (OCoLC)ocm00171029
035 ## - SYSTEM CONTROL NUMBER
System control number (OCoLC)171029
040 ## - CATALOGING SOURCE
Original cataloging agency MAL
Language of cataloging eng
Transcribing agency MAL
Modifying agency BAKER
-- OCLCG
-- AU@
-- OCLCQ
-- SGB
-- OCLCA
-- CFT
-- P4I
-- OCLCQ
-- OCLCF
-- CIRBC
-- LBB
049 ## -
-- LBBK
-- LBBC
-- 1-2
050 #4 -
-- BV2110
-- .A5 1962
082 0# - DEWEY DECIMAL CLASSIFICATION NUMBER
Classification number 266.001
Item number ALL
100 1# - MAIN ENTRY--PERSONAL NAME
Personal name Allen, Roland,
Dates associated with a name 1869-1947.
245 10 - TITLE STATEMENT
Title Missionary methods :
Remainder of title St. Paul's or ours? /
Statement of responsibility, etc. by Roland Allen.
260 ## - PUBLICATION, DISTRIBUTION, ETC.
Place of publication, distribution, etc. Grand Rapids, Mich :
Name of publisher, distributor, etc. Wm B. Eerdmans Pub. Co.,
Date of publication, distribution, etc. [�1962], 1993
300 ## - PHYSICAL DESCRIPTION
Extent 179 pages ;
Dimensions 22 cm
336 ## - CONTENT TYPE
Content type term text
Content type code txt
Source rdacontent
337 ## - MEDIA TYPE
Media type term unmediated
Media type code n
Source rdamedia
338 ## - CARRIER TYPE
Carrier type term volume
Carrier type code nc
Source rdacarrier
500 ## - GENERAL NOTE
General note Companion volume to the author's The spontaneous expansion of the church.
505 0# - FORMATTED CONTENTS NOTE
Formatted contents note Foreword / Lesslie Newbigin -- Publisher's foreword -- Author's preface -- Part 1 : Antecedent conditions. Introduction -- Strategic points -- Class -- Moral and social condition -- Part 2 : The presentation of the gospel. Miracles -- Finance -- The substance of St. Paul's preaching -- Part 3 : The training of converts. The teaching -- The training of candidates for baptism and ordination -- Part 4 : St. Paul's method of dealing with organized churches. Authority and discipline -- Unity -- Part 5 : Conclusions. Principles and spirit -- Application -- Epilogue.
520 ## - SUMMARY, ETC.
Summary, etc. We are talking today of indigenous churches. St. Paul's churches were indigenous churches in the proper sense of the word; and I believe that the secret of their foundation lay in his recognition of the church as a local church (as opposed to our "national churches") and in his profound belief and trust in the Holy Spirit indwelling his converts and the churches of which they were members, which enabled him to establish them at once with full authority. - Author's preface to the second (1927) edition.
600 00 - SUBJECT ADDED ENTRY--PERSONAL NAME
Personal name Paul,
Titles and other words associated with a name the Apostle, Saint.
600 07 - SUBJECT ADDED ENTRY--PERSONAL NAME
Personal name Paul,
Titles and other words associated with a name the Apostle, Saint.
Source of heading or term fast
Authority record control number or standard number (OCoLC)fst00037330
650 #0 - SUBJECT ADDED ENTRY--TOPICAL TERM
Topical term or geographic name entry element Missions.
650 #7 - SUBJECT ADDED ENTRY--TOPICAL TERM
Topical term or geographic name entry element Missions.
Source of heading or term fast
Authority record control number or standard number (OCoLC)fst01023771
942 ## - ADDED ENTRY ELEMENTS (KOHA)
Source of classification or shelving scheme Dewey Decimal Classification
Koha item type Books
Koha issues (borrowed), all copies 13
Holdings
Withdrawn status Lost status Source of classification or shelving scheme Damaged status Not for loan Home library Current Library Shelving location Date acquired Total checkouts Total renewals Full call number Barcode Date last seen Date last checked out Copy number Price effective from Koha item type
    Dewey Decimal Classification     GRACE BIBLE COLLEGE GRACE BIBLE COLLEGE Ministry & Mission 2016-10-31 6 1 266.001 ALL 010342 2025-05-01 2023-02-14 c.1 2016-10-31 Books
    Dewey Decimal Classification     GRACE BIBLE COLLEGE GRACE BIBLE COLLEGE Ministry & Mission 2021-02-09 3   266.001 ALL 013918 2025-11-04 2025-10-16 c.2 2021-02-09 Books
    Dewey Decimal Classification     GRACE BIBLE COLLEGE GRACE BIBLE COLLEGE Ministry & Mission 2021-02-09 1   266.001 ALL 013919 2025-05-01 2022-11-28 c.3 2021-02-09 Books
    Dewey Decimal Classification     GRACE BIBLE COLLEGE GRACE BIBLE COLLEGE Ministry & Mission 2021-02-09 5   266.001 ALL 013920 2025-05-01 2024-02-13 c.4 2021-02-09 Books
© Grace Bible College Library 2025